000 00872nam a22003017a 4500
003 CHAP
005 20220329143606.0
008 100804s2006 mx r 00010 spa d
010 _a98988
011 _a99960
020 _a9680202747
035 _a110646
040 _cCHAP
082 1 4 _a863
_bR94
100 1 _aRuvalcaba, Eusebio
_9101014
245 1 3 _aEl sol le hace daño a los ancianos :
_bcuentos
_c/por Eusebio Ruvalcaba
260 _aChapingo, Méx. :
_bUACH,
_c2006
300 _a149 p.
490 0 _aAve de paso
590 _aBATCH-UPD
_b10
_c20130110
_lUCH01
_h1117
590 _aCONVERSION
_b10
_c20130109
_lUCH01
_h1355
650 1 4 _aCuentos mexicanos.
_930097
650 1 4 _aLiteratura mexicana.
_967138
830 0 _aAve de paso
_98488
901 _aBK
942 _cLIBRO
949 _a863 R94
_bBC
_cUACH
_d33724002215413
_eUACH
_gI.c/e
_h113077
_i110646
_sb
999 _c98988
_d98988